=LDR 00000nam 2200000 4500 =001 INLIS000000000049112 =005 20221128080119 =035 ##$$a 0010-011700000000393 =008 221128################g##########0#ind## =020 ##$$a 978-602-1130-44-5 =040 ##$$a NBPDMAT =082 ##$$a R 618.200 3 =090 ##$$a R.618.200 3 Ens s.III =245 ##$$a Ensiklopedia kehamilan dan kelahiran 3 : $b Hal - hal yang membahayakan kehamilan /$c penyunting Syaiful M.H, Erlina Z.Z, Endang R.M =260 ##$$a Surakarta :$b Ziyad Books,$c 2015 =300 ##$$a 362 hlm. : $b ilus ; $c 28 x 20 cm. =650 #4$$a Kehamilan - Ensiklopedi =850 ##$$a NBPDMAT =084 ##$$a R 618.200 3 ENS e =250 ##$$a cet. 1 =990 ##$$a 21602325 =990 ##$$a 21602326 =990 ##$$a 21602327 =990 ##$$a 21602328 =990 ##$$a 21602329 =990 ##$$a 21602326 =990 ##$$a 21602325 =990 ##$$a 21602327 =990 ##$$a 21602328 =990 ##$$a 21602329